000 00969nam a2200265 i 4500
001 bg
100 1 _aGEORGES, Gregory
245 1 0 _a50 praktycznych projektów Photoshop CS/CS PL /
_cGregory Georges ; [tł. anna Witerkowska].
246 _iTyt. oryg.:
_a50 fast Photoshop CS techniques
260 _aGliwice :
_b"Helion",
_c2004.
300 _a433 s, [18] s. tab. kolor. :
_bil. ;
_c24 cm +
_eCD ROM.
500 _aTyt. oryg.: "50 fast Photoshop CS techniques". U góry s. tyt. i okł. podtyt.: "poznaj techniki obróbki obrazu wykorzystywane przez profesjonalistów ".
504 _aIndeks.
650 9 _aPhotoshop
655 _aPodręczniki
700 1 _aWITERKOWSKA, Anna.
_eTł.
020 _a8373615474
040 _cBPK
041 1 _apol
_heng
080 _a004.42:004.92](07)
920 _a83-7361-547-4
942 _cKS
008 s pl f |000 0 pol
999 _c45508
_d45508
856 _uhttp://koha.tu.koszalin.pl/cgi-bin/koha/opac-detail.pl?biblionumber=45508
_yKatalog online BPK